00479pab a2200145 454500008004000000100002400040245012200064260000900186300001400195362000800209650004700217650001900264650000900283773004100292180718b2005 xxu||||| |||| 00| 0 eng d aOyefara, John Lekan aFamily background, sexual behaviour, and HIV/AIDS vulnerability of female street hawkers in Lagos metropolis, Nigeria c2005 ap.687-98. aDec aSexual behaviour - Nigeria women - Nigeria aAIDS - Nigeria aAIDS aInternational Social Science Journal